[Event "Sampa Chess Open - Local Piso Superior (ao lado da Renner) às 19h00"]
[Site "Shopping Metrô Tatuapé - Rua Domingos Agostim, 91, São Paulo/SP 03306-010"]
[Date "2024.01.29"]
[Round "1"]
[Board "1"]
[White "Fier, Alexandr"]
[Black "Cordero, Daniela"]
[Result "1-0"]
[WhiteElo "2549"]
[BlackElo "2028"]
[PlyCount "0"]
[EventDate "2024.01.29"]
[EventRounds "9"]
[EventCountry "BRA"]

1. d4 e6 2. c4 f5 3. Nc3 Nf6 4. e3 Bb4 5. Qc2 O-O 6. Bd3 Nc6 7. Ne2 Bxc3+ 8. bxc3
b6 9. h3 Bb7 10. Rg1 Ne4 11. f3 Nd6 12. Ba3 Qh4+ 13. g3 Qf6 14. c5 bxc5 15. Bxc5
Ne7 16. Rf1 Nd5 17. Kd2 Qh6 18. Nf4 Nxf4 19. gxf4 Qxh3 20. Be2 Qg2 21. Qd3 a5 22.
Rg1 Qf2 23. Raf1 Qh4 24. Rh1 Qd8 25. c4 Rf6 26. Qa3 Nc8 27. Qb3 Ba6 28. d5 Rg6 29.
e4 exd5 30. cxd5 d6 31. Bxa6 Rxa6 32. Bd4 Rg2+ 33. Rf2 Rxf2+ 34. Bxf2 Ne7 35. Qb7
Ra8 36. Bh4 Qc8 37. Qxc8+ Nxc8 38. Rc1 c5 39. dxc6 Kf7 40. exf5 a4 41. Rb1  1-0

[Event "Sampa Chess Open - Local Piso Superior (ao lado da Renner) às 19h00"]
[Site "Shopping Metrô Tatuapé - Rua Domingos Agostim, 91, São Paulo/SP 03306-010"]
[Date "2024.01.29"]
[Round "1"]
[Board "2"]
[White "Santanna, Paulo"]
[Black "Di Berardino, Diego Rafael"]
[Result "0-1"]
[WhiteElo "2021"]
[BlackElo "2480"]
[PlyCount "0"]
[EventDate "2024.01.29"]
[EventRounds "9"]
[EventCountry "BRA"]

1. Nf3 c5 2. c4 Nf6 3. Nc3 d5 4. cxd5 Nxd5 5. e3 Nxc3 6. bxc3 g6 7. Bb5+ Bd7 8.
Qb3 Bg7 9. O-O O-O 10. d4 Be6 11. Bc4 Bxc4 12. Qxc4 Nd7 13. e4 Rc8 14. Qe2 Qa5 15.
Rb1 b6 16. e5 e6 17. Ng5 Qxc3 18. Rb3 Qxd4 19. Bb2 Qa4  0-1

[Event "Sampa Chess Open - Local Piso Superior (ao lado da Renner) às 19h00"]
[Site "Shopping Metrô Tatuapé - Rua Domingos Agostim, 91, São Paulo/SP 03306-010"]
[Date "2024.01.29"]
[Round "1"]
[Board "3"]
[White "Santiago, Yago De Moura"]
[Black "Santos, Isaque Goncalves"]
[Result "1-0"]
[WhiteElo "2467"]
[BlackElo "1996"]
[PlyCount "0"]
[EventDate "2024.01.29"]
[EventRounds "9"]
[EventCountry "BRA"]

1. d4 e6 2. c4 d5 3. Nf3 c6 4. Qd3 Nf6 5. Nc3 Bb4 6. g3 Ne4 7. Bg2 Qa5 8. Bd2 Nxd2
9. Nxd2 Be7 10. e4 dxe4 11. Bxe4 Nd7 12. O-O Nf6 13. c5 Nxe4 14. Ncxe4 b5 15. b4
Qxb4 16. a4 f5 17. Nd6+ Bxd6 18. Rfb1 Qa5 19. axb5 Qd8 20. cxd6 Qxd6 21. b6 Qd7 22.
Qa3 a5 23. Nc4 Bb7 24. Nd6+ Kd8 25. Nxb7+ Qxb7 26. Qd6+ Qd7 27. b7  1-0

[Event "Sampa Chess Open - Local Piso Superior (ao lado da Renner) às 19h00"]
[Site "Shopping Metrô Tatuapé - Rua Domingos Agostim, 91, São Paulo/SP 03306-010"]
[Date "2024.01.29"]
[Round "1"]
[Board "4"]
[White "Da Silva, Lucas Pereira Mendes"]
[Black "Shumyatsky, Victor"]
[Result "0-1"]
[WhiteElo "1974"]
[BlackElo "2457"]
[PlyCount "107"]
[EventDate "2024.01.29"]
[EventRounds "9"]
[EventCountry "BRA"]

1. e4 c5 2. Nf3 e6 3. d4 cxd4 4. Nxd4 a6 5. Nc3 b5 6. Bd3 Qb6 7. Be3 Bc5 8. Nce2
e5 9. Nf5 g6 10. Bxc5 Qxc5 11. Ne3 Nf6 12. O-O Bb7 13. Nc3 d6 14. Qf3 Nbd7 15. Ng4
Nxg4 16. Qxg4 O-O-O 17. Qe2 f5 18. Kh1 fxe4 19. Nxe4 Qc6 20. a4 b4 21. f3 d5 22.
Ng5 Rde8 23. c3 e4 24. fxe4 dxe4 25. Bc4 Ne5 26. cxb4 Kb8 27. Bb3 Nd3 28. Qe3 h6
29. Nf7 Rh7 30. b5 Qc5 31. Qg3+ Ka8 32. bxa6 Bc6 33. Qxg6 e3 34. Qxd3 e2 35. Rg1
Bxg2+ 36. Kxg2 Rg7+ 37. Kh1 Rxg1+ 38. Rxg1 Qxg1+ 39. Kxg1 e1=Q+ 40. Kg2 Re2+ 41.
Kf3 Qf1+ 42. Kg4 Rg2+ 43. Qg3 Qe2+ 44. Kh3 Rxg3+ 45. hxg3 Qh5+ 46. Kg2 Qe2+ 47. Kh3
Qxb2 48. Nxh6 Qh8 49. Bd5+ Ka7 50. Bb7 Qxh6+ 51. Kg4 Qe3 52. Kh4 Qb6 53. g4 Qh6+
54. Kg3  0-1

[Event "Sampa Chess Open - Local Piso Superior (ao lado da Renner) às 19h00"]
[Site "Shopping Metrô Tatuapé - Rua Domingos Agostim, 91, São Paulo/SP 03306-010"]
[Date "2024.01.29"]
[Round "1"]
[Board "5"]
[White "Flores Quillas, Diego Saul Rodri"]
[Black "Simeao, Miguel Roberto Ranieri"]
[Result "1-0"]
[WhiteElo "2429"]
[BlackElo "1962"]
[PlyCount "0"]
[EventDate "2024.01.29"]
[EventRounds "9"]
[EventCountry "BRA"]

1. e4 c6 2. d4 d5 3. Nc3 dxe4 4. Nxe4 Nf6 5. Nxf6+ exf6 6. c3 Bd6 7. Bd3 O-O 8. Qc2
g6 9. Ne2 Re8 10. h4 Nd7 11. h5 Nf8 12. Bh6 f5 13. O-O-O Qf6 14. hxg6 fxg6 15. Kb1
b5 16. f3 Be6 17. Nf4 Bf7 18. Nh3 Ne6 19. g4 f4 20. Nf2 Ng5 21. Bxg5 Qxg5 22. Ne4
Qd8 23. Rh2  1-0

[Event "Sampa Chess Open - Local Piso Superior (ao lado da Renner) às 19h00"]
[Site "Shopping Metrô Tatuapé - Rua Domingos Agostim, 91, São Paulo/SP 03306-010"]
[Date "2024.01.29"]
[Round "1"]
[Board "6"]
[White "Desideri, Ricardo Maruchi"]
[Black "Matsuura, Everaldo"]
[Result "1/2-1/2"]
[WhiteElo "1959"]
[BlackElo "2410"]
[PlyCount "61"]
[EventDate "2024.01.29"]
[EventRounds "9"]
[EventCountry "BRA"]

1. e4 c5 2. Nf3 Nc6 3. d4 cxd4 4. Nxd4 Nf6 5. Nc3 e5 6. Ndb5 d6 7. Nd5 Nxd5 8. exd5
Nb8 9. a4 Be7 10. g3 O-O 11. Bg2 a6 12. Nc3 Nd7 13. O-O f5 14. Re1 Bf6 15. Ra3 Rb8
16. b4 e4 17. a5 Ne5 18. Ne2 b6 19. Nd4 bxa5 20. bxa5 Rb1 21. Qe2 Qc7 22. Nc6 Nxc6
23. Qc4 Qf7 24. Qxc6 Bb2 25. Rb3 Rxc1 26. Rxc1 Bxc1 27. Rb1 Qd7 28. Bf1 Bd2 29. Qa8
e3 30. Bxa6 exf2+ 31. Kxf2  1/2-1/2

[Event "Sampa Chess Open - Local Piso Superior (ao lado da Renner) às 19h00"]
[Site "Shopping Metrô Tatuapé - Rua Domingos Agostim, 91, São Paulo/SP 03306-010"]
[Date "2024.01.29"]
[Round "1"]
[Board "7"]
[White "Perez Gormaz, Matias"]
[Black "Pironti, Francisco Ferrari"]
[Result "1-0"]
[WhiteElo "2388"]
[BlackElo "1953"]
[PlyCount "0"]
[EventDate "2024.01.29"]
[EventRounds "9"]
[EventCountry "BRA"]

1. e4 c5 2. Nf3 d6 3. d4 cxd4 4. Nxd4 Nf6 5. Nc3 a6 6. Be3 e5 7. Nf3 Be7 8. Bc4 Be6
9. Bb3 O-O 10. O-O h6 11. Nh4 Qc8 12. Bxe6 Qxe6 13. Nf5 Rd8 14. Qf3 Rf8 15. Rad1
Nc6 16. Nd5  1-0

[Event "Sampa Chess Open - Local Piso Superior (ao lado da Renner) às 19h00"]
[Site "Shopping Metrô Tatuapé - Rua Domingos Agostim, 91, São Paulo/SP 03306-010"]
[Date "2024.01.29"]
[Round "1"]
[Board "8"]
[White "Carvalho Jr, Celestino"]
[Black "Perdomo, Leandro"]
[Result "0-1"]
[WhiteElo "1939"]
[BlackElo "2382"]
[PlyCount "56"]
[EventDate "2024.01.29"]
[EventRounds "9"]
[EventCountry "BRA"]

1. Nf3 Nf6 2. d3 g6 3. g3 Bg7 4. Bg2 d5 5. Nbd2 Nc6 6. O-O O-O 7. Re1 d4 8. Nf1 Nd5
9. Bg5 f6 10. Bd2 f5 11. Qc1 e5 12. c4 Nf6 13. h4 e4 14. Ng5 h6 15. Nh3 Kh7 16. b4
Re8 17. Qc2 e3 18. fxe3 dxe3 19. Bc3 Nh5 20. Bxg7 Kxg7 21. Qc3+ Nd4 22. Bf3 Qf6 23.
Rac1 f4 24. g4 Qe5 25. Kg2 Nf6 26. Nh2 a5 27. b5 g5 28. hxg5 hxg5  0-1

[Event "Sampa Chess Open - Local Piso Superior (ao lado da Renner) às 19h00"]
[Site "Shopping Metrô Tatuapé - Rua Domingos Agostim, 91, São Paulo/SP 03306-010"]
[Date "2024.01.29"]
[Round "1"]
[Board "9"]
[White "Ticona Rocabado, Licael Roderick"]
[Black "Ikejiri, Daniel Yoshito"]
[Result "1-0"]
[WhiteElo "2350"]
[BlackElo "1916"]
[PlyCount "0"]
[EventDate "2024.01.29"]
[EventRounds "9"]
[EventCountry "BRA"]

1. d4 d5 2. c4 e6 3. e3 Nf6 4. Nf3 c6 5. Nbd2 Nbd7 6. Bd3 dxc4 7. Nxc4 b5 8. Nce5
Bb7 9. a4 a6 10. O-O Rc8 11. Bd2 Bd6 12. Nxd7 Nxd7 13. e4 e5 14. Bg5 Qb6 15. Be3
Qd8 16. d5 Qe7 17. dxc6 Bxc6 18. axb5 axb5 19. Qe2 b4 20. Bb5 O-O 21. Bxc6 Rxc6 22.
Qb5 Rc7 23. Bg5 f6 24. Be3 Bc5 25. Rac1 Rb8 26. Qa5 Bb6 27. Qd5+ Qf7 28. Qd6 Rcb7
29. Bd2 Bd8 30. Qd3 Be7 31. Be3 Nf8 32. Qa6 Qe6 33. Rc6 Qd7 34. Rfc1 g6 35. Bb6 Bd8
36. Be3 Kg7 37. g3 Rc7 38. Rxc7 Bxc7 39. Qa7 Rc8 40. Qb7 Ne6 41. Qxb4 Bd6 42. Qd2
Rxc1+ 43. Qxc1 Qb5 44. Qc8 Kf7 45. Qc2 Qb4 46. Nd2 Ke7 47. b3 Qb5 48. Qc8 Nc5 49.
Qg8 g5 50. Qxh7+ Ke8 51. Qg8+ Kd7 52. Qd5 Qb4 53. Nc4 Ne6 54. Nxd6 Qxd6 55. Qxd6+
Kxd6 56. h4  1-0

[Event "Sampa Chess Open - Local Piso Superior (ao lado da Renner) às 19h00"]
[Site "Shopping Metrô Tatuapé - Rua Domingos Agostim, 91, São Paulo/SP 03306-010"]
[Date "2024.01.29"]
[Round "1"]
[Board "10"]
[White "Gazineu Neto, Rubens"]
[Black "Santos, Marcus Vinicius Moreira"]
[Result "1/2-1/2"]
[WhiteElo "1912"]
[BlackElo "2331"]
[PlyCount "90"]
[EventDate "2024.01.29"]
[EventRounds "9"]
[EventCountry "BRA"]

1. e4 c5 2. Nf3 g6 3. d4 cxd4 4. Nxd4 Nc6 5. Nc3 Bg7 6. Be3 Nf6 7. Bc4 O-O 8. Bb3
a5 9. a4 Ng4 10. Qxg4 Nxd4 11. Qd1 Nxb3 12. cxb3 d6 13. Bd4 Be6 14. Bxg7 Kxg7 15.
O-O Qb6 16. Nd5 Bxd5 17. Qxd5 Rfc8 18. Rac1 Rc6 19. Rc3 Rxc3 20. bxc3 Rc8 21. Rc1
Rc5 22. Qd1 Qc6 23. f3 b5 24. axb5 Rxb5 25. Kh1 Qb6 26. Rb1 Qe3 27. Qc2 d5 28. exd5
Rxd5 29. Rd1 Rxd1+ 30. Qxd1 Qxc3 31. h3 e5 32. Qd5 Qc1+ 33. Kh2 Qc7 34. Kh1 f5 35.
Qe6 Qc5 36. Qd7+ Kh6 37. Qd2+ f4 38. Qd3 Qd4 39. Qc2 Kg5 40. Kh2 Qe3 41. Qc7 Qe1
42. Qxh7 Qg3+ 43. Kg1 Qe1+ 44. Kh2 Qg3+ 45. Kg1 Qe1+  1/2-1/2

[Event "Sampa Chess Open - Local Piso Superior (ao lado da Renner) às 19h00"]
[Site "Shopping Metrô Tatuapé - Rua Domingos Agostim, 91, São Paulo/SP 03306-010"]
[Date "2024.01.29"]
[Round "1"]
[Board "12"]
[White "Cristino, Felipe Borges"]
[Black "Filgueiras, Nathan Felipe"]
[Result "0-1"]
[WhiteElo "1890"]
[BlackElo "2321"]
[PlyCount "82"]
[EventDate "2024.01.29"]
[EventRounds "9"]
[EventCountry "BRA"]

1. d4 Nf6 2. c4 e6 3. Nc3 Bb4 4. f3 d5 5. a3 Bxc3+ 6. bxc3 c5 7. cxd5 Nxd5 8. Bd2
cxd4 9. cxd4 Qh4+ 10. g3 Qxd4 11. Rc1 Nc6 12. Qb3 Qb6 13. Qd3 O-O 14. e4 Nde7 15.
Be3 Qa5+ 16. Kf2 e5 17. Kg2 Be6 18. Qc3 Qxc3 19. Rxc3 Rac8 20. Ne2 f5 21. h3 fxe4
22. fxe4 Nd5 23. Rd3 Nxe3+ 24. Rxe3 Nd4 25. Nxd4 exd4 26. Re2 Rc3 27. Rd2 Rd8 28.
a4 Ra3 29. Be2 Rxa4 30. Rc1 Rc8 31. Rcd1 Rd8 32. Rc1 Rb4 33. Rc7 a5 34. Re7 Bb3 35.
Bh5 g6 36. Bd1 a4 37. Rf2 Bxd1 38. Rff7 Rb2+ 39. Kg1 Bb3 40. Rg7+ Kf8 41. Rxb7 d3
 0-1

[Event "Sampa Chess Open - Local Piso Superior (ao lado da Renner) às 19h00"]
[Site "Shopping Metrô Tatuapé - Rua Domingos Agostim, 91, São Paulo/SP 03306-010"]
[Date "2024.01.29"]
[Round "1"]
[Board "13"]
[White "Oliveira, Silvio Eduardo"]
[Black "Cruz, Natan Gomes"]
[Result "0-1"]
[WhiteElo "2297"]
[BlackElo "1888"]
[PlyCount "0"]
[EventDate "2024.01.29"]
[EventRounds "9"]
[EventCountry "BRA"]

1. e4 c6 2. d4 d5 3. exd5 cxd5 4. Bd3 Nc6 5. c3 Qc7 6. h3 e6 7. Nf3 Bd6 8. O-O Nge7
9. Re1 Bd7 10. Na3 a6 11. Qe2 f6 12. c4 O-O 13. c5 Bf4 14. Nc2 Bxc1 15. Raxc1 Rae8
16. Qd2 e5 17. Bf1 e4 18. Nh2 f5 19. f4 g5 20. fxg5 f4 21. Rcd1 Rf5 22. Ng4 Kg7 23.
Nf6 Rf8 24. h4 Ng6 25. Qf2 Be6 26. Be2 Kh8 27. Rf1 h6 28. Bh5 R8xf6 29. gxf6 Rxh5
 0-1

[Event "Sampa Chess Open - Local Piso Superior (ao lado da Renner) às 19h00"]
[Site "Shopping Metrô Tatuapé - Rua Domingos Agostim, 91, São Paulo/SP 03306-010"]
[Date "2024.01.29"]
[Round "1"]
[Board "14"]
[White "Correa, Joao Pedro Vieira"]
[Black "Dos Santos Dutra, Fernando Junior Freire"]
[Result "0-1"]
[WhiteElo "1864"]
[BlackElo "2262"]
[PlyCount "78"]
[EventDate "2024.01.29"]
[EventRounds "9"]
[EventCountry "BRA"]

1. e4 c5 2. Nf3 d6 3. Bb5+ Nc6 4. Bxc6+ bxc6 5. O-O e5 6. h3 f5 7. d3 Nf6 8. Re1
fxe4 9. dxe4 Be7 10. Bg5 h6 11. Bxf6 Bxf6 12. Qd3 g5 13. Rd1 Be7 14. Nxe5 dxe5 15.
Qf3 Qc7 16. Qh5+ Kf8 17. Qg6 Rg8 18. Qxh6+ Kf7 19. Rd3 g4 20. Qh5+ Kg7 21. Rg3 Rh8
22. Rxg4+ Bxg4 23. Qxg4+ Kf7 24. Na3 Bf6 25. Nc4 Qe7 26. b3 Qe6 27. Qf3 Rad8 28.
Qe3 Be7 29. Qf3+ Ke8 30. Qg3 Rd4 31. Re1 Rh4 32. f3 Rh5 33. Qg7 Qf7 34. Qg4 Rd8 35.
g3 Rg5 36. Qh4 Rg8 37. Qh6 Rxg3+ 38. Kh2 Qf4 39. Qh8+ Rg8+  0-1

[Event "Sampa Chess Open - Local Piso Superior (ao lado da Renner) às 19h00"]
[Site "Shopping Metrô Tatuapé - Rua Domingos Agostim, 91, São Paulo/SP 03306-010"]
[Date "2024.01.29"]
[Round "1"]
[Board "15"]
[White "Melian, Juan Sebastian"]
[Black "De Paula, Luan Araujo"]
[Result "1/2-1/2"]
[WhiteElo "2238"]
[BlackElo "1863"]
[PlyCount "0"]
[EventDate "2024.01.29"]
[EventRounds "9"]
[EventCountry "BRA"]

1. d4 d5 2. c4 c6 3. cxd5 cxd5 4. Bg5 Qb6 5. Nc3 Qxb2 6. Nxd5 Na6 7. Rb1 Qxa2 8.
e4 e6 9. Bb5+ Bd7 10. Ra1 Bxb5 11. Rxa2 exd5 12. f3 Nb4 13. Rd2 dxe4 14. fxe4 Nf6
15. Qf3 Rc8 16. Ne2 Nc2+ 17. Kf2 Bb4 18. Rc1 Bxd2 19. Bxd2 O-O 20. e5 Bxe2 21. Qxe2
Nxd4 22. Qd3 Ng4+ 23. Kg3 Nc6 24. Qd7 Ngxe5 25. Qxb7 Rb8 26. Qa6 Rb3+ 27. Rc3 Rxc3+
28. Bxc3 h6 29. Bxe5 Nxe5 30. Qxa7 Re8  1/2-1/2

[Event "Sampa Chess Open - Local Piso Superior (ao lado da Renner) às 19h00"]
[Site "Shopping Metrô Tatuapé - Rua Domingos Agostim, 91, São Paulo/SP 03306-010"]
[Date "2024.01.29"]
[Round "1"]
[Board "16"]
[White "Martins De Aguiar, Marina"]
[Black "Cunha, Lucas Aguiar"]
[Result "0-1"]
[WhiteElo "1862"]
[BlackElo "2230"]
[PlyCount "96"]
[EventDate "2024.01.29"]
[EventRounds "9"]
[EventCountry "BRA"]

1. e4 c5 2. Nf3 Nc6 3. d4 cxd4 4. Nxd4 e6 5. Nc3 Qc7 6. Be2 a6 7. O-O Nf6 8. Kh1
Bb4 9. f3 O-O 10. Nxc6 bxc6 11. Bd2 Rb8 12. Rb1 d5 13. Bd3 d4 14. Ne2 Bxd2 15. Qxd2
c5 16. b3 e5 17. Qg5 h6 18. Qh4 Be6 19. f4 c4 20. bxc4 Rxb1 21. Rxb1 Bxc4 22. fxe5
Bxd3 23. cxd3 Qxe5 24. h3 Rc8 25. Qe1 Rc2 26. a4 Nh5 27. Kg1 g6 28. Qf2 Ra2 29. Qxd4
Qxd4+ 30. Nxd4 Nf4 31. a5 Rxg2+ 32. Kf1 Ra2 33. Nc6 Nxd3 34. Rb6 Nc5 35. e5 Rh2 36.
Nb8 Rxh3 37. Nxa6 Nxa6 38. Rxa6 Re3 39. Ra8+ Kg7 40. Re8 Ra3 41. Ra8 g5 42. Ra6 Ra2
43. Ra7 Kg6 44. a6 h5 45. Ra8 Kf5 46. a7 Kg4 47. Ke1 h4 48. Kf1 h3  0-1

[Event "Sampa Chess Open - Local Piso Superior (ao lado da Renner) às 19h00"]
[Site "Shopping Metrô Tatuapé - Rua Domingos Agostim, 91, São Paulo/SP 03306-010"]
[Date "2024.01.29"]
[Round "1"]
[Board "17"]
[White "Aranha Filho, Alvaro Z."]
[Black "Santos, Abel Cardoso Dos"]
[Result "1-0"]
[WhiteElo "2201"]
[BlackElo "1854"]
[PlyCount "0"]
[EventDate "2024.01.29"]
[EventRounds "9"]
[EventCountry "BRA"]

1. d4 Nf6 2. c4 g6 3. Nc3 Bg7 4. e4 d6 5. f3 Nbd7 6. Bg5 c6 7. Qd2 h6 8. Be3 e5 9.
d5 c5 10. Bd3 Qa5 11. Nge2 Nb6 12. O-O Na4 13. Nxa4 Qxa4 14. Nc3 Qa5 15. a3 Qd8 16.
b4 b6 17. Bc2 Bd7 18. Rfe1 Kf8 19. bxc5 dxc5 20. a4 Ne8 21. a5 Nd6 22. axb6 axb6
23. Bd3 Rxa1 24. Rxa1 Kg8 25. Ra6 Kh7 26. Qb2 Nc8 27. Nb5 Bc6 28. Ra3 Bd7 29. Na7
Nd6 30. Ra6  1-0

[Event "Sampa Chess Open - Local Piso Superior (ao lado da Renner) às 19h00"]
[Site "Shopping Metrô Tatuapé - Rua Domingos Agostim, 91, São Paulo/SP 03306-010"]
[Date "2024.01.29"]
[Round "1"]
[Board "18"]
[White "Deus Filho, Joaquim De"]
[Black "Tsuboi, Edson Kenji"]
[Result "0-1"]
[WhiteElo "1848"]
[BlackElo "2200"]
[PlyCount "84"]
[EventDate "2024.01.29"]
[EventRounds "9"]
[EventCountry "BRA"]

1. e4 c5 2. Nc3 Nc6 3. g3 g6 4. Bg2 Bg7 5. d3 d6 6. Be3 Nf6 7. h3 Rb8 8. Qd2 b5 9.
Bh6 Bxh6 10. Qxh6 Nd4 11. Qd2 b4 12. Nd1 e5 13. c3 bxc3 14. bxc3 Nc6 15. c4 Nd4 16.
Nf3 Be6 17. Nxd4 cxd4 18. O-O Nh5 19. Kh2 g5 20. Qc2 O-O 21. Bf3 Nf6 22. g4 Nd7 23.
Be2 Nc5 24. f3 Qa5 25. Nf2 Rb6 26. Rfb1 Rfb8 27. Bf1 Bd7 28. Rxb6 Rxb6 29. Qc1 f6
30. Kg3 Ba4 31. h4 h6 32. hxg5 hxg5 33. Be2 Kg7 34. Qh1 Rb8 35. Rb1 Rh8 36. Qc1 Qc3
37. Qb2 Kg6 38. Kg2 Ne6 39. Kg3 Bc2 40. Qxc3 dxc3 41. Rc1 Nd4 42. Bd1 Bxd1  0-1

[Event "Sampa Chess Open - Local Piso Superior (ao lado da Renner) às 19h00"]
[Site "Shopping Metrô Tatuapé - Rua Domingos Agostim, 91, São Paulo/SP 03306-010"]
[Date "2024.01.29"]
[Round "1"]
[Board "19"]
[White "Terao, Juliana Sayumi"]
[Black "Jenidarchiche, Douglas Rodrigo"]
[Result "1/2-1/2"]
[WhiteElo "2198"]
[BlackElo "1845"]
[PlyCount "0"]
[EventDate "2024.01.29"]
[EventRounds "9"]
[EventCountry "BRA"]

1. e4 e5 2. Nf3 Nc6 3. Bb5 a6 4. Ba4 Nf6 5. d3 d6 6. c3 Be7 7. O-O Bg4 8. h3 Bh5
9. Nbd2 Nd7 10. Re1 Nc5 11. Bc2 Ne6 12. Nf1 Bg5 13. Ng3 Bxf3 14. Qxf3 O-O 15. Be3
Bxe3 16. fxe3 Qg5 17. Qf2 Ne7 18. Rf1 c5 19. a4 b6 20. Bb3 Rad8 21. Nf5 Nxf5 22.
exf5 Nc7 23. d4 Ne8 24. Rad1 Nf6 25. Bc4 a5 26. dxe5 dxe5 27. Qf3 e4 28. Qf4 Qxf4
29. exf4 Nh5 30. Rxd8 Rxd8 31. g4 Ng3 32. Re1 h5 33. gxh5 Rd2  1/2-1/2

[Event "Sampa Chess Open - Local Piso Superior (ao lado da Renner) às 19h00"]
[Site "Shopping Metrô Tatuapé - Rua Domingos Agostim, 91, São Paulo/SP 03306-010"]
[Date "2024.01.29"]
[Round "1"]
[Board "20"]
[White "Sanches De Carvalho, Fabio"]
[Black "Marra, Eduardo Da Costa"]
[Result "0-1"]
[WhiteElo "1838"]
[BlackElo "2189"]
[PlyCount "56"]
[EventDate "2024.01.29"]
[EventRounds "9"]
[EventCountry "BRA"]

1. Nf3 Nf6 2. d4 g6 3. c4 d6 4. Nc3 Bg7 5. e3 O-O 6. Be2 Nbd7 7. O-O e5 8. b3 Re8
9. dxe5 dxe5 10. Qc2 e4 11. Nd4 c6 12. Bb2 Qa5 13. Rfe1 Qg5 14. g3 Nc5 15. h4 Qe5
16. b4 Na6 17. a3 Bg4 18. Rab1 Rad8 19. Nb3 Qh5 20. Rbd1 Bf3 21. Nd4 c5 22. Nxf3
exf3 23. Bf1 cxb4 24. Nb5 b3 25. Qb1 Nc5 26. Nd4 Nce4 27. Bd3 Qg4 28. Kh2 Nxf2  0-1

[Event "Sampa Chess Open - Local Piso Superior (ao lado da Renner) às 19h00"]
[Site "Shopping Metrô Tatuapé - Rua Domingos Agostim, 91, São Paulo/SP 03306-010"]
[Date "2024.01.29"]
[Round "1"]
[Board "21"]
[White "Batista, Renato Luiz"]
[Black "Da Cunha, Gabriela Goes"]
[Result "1-0"]
[WhiteElo "2174"]
[BlackElo "1837"]
[PlyCount "0"]
[EventDate "2024.01.29"]
[EventRounds "9"]
[EventCountry "BRA"]

1. e4 c6 2. Nf3 d5 3. Nc3 dxe4 4. Nxe4 Nf6 5. Qe2 Bf5 6. d3 e6 7. g3 Be7 8. Bg2 O-O
9. O-O Nbd7 10. h3 h6 11. Bf4 Nd5 12. Bd2 Rc8 13. c4 N5f6 14. Bc3 Nc5 15. Nxc5 Bxc5
16. Rfd1 Be7 17. Ne5 Nd7 18. d4 Nxe5 19. Qxe5 Bf6 20. Qe3 Qb6 21. b4 Qa6 22. Bf1
b5 23. c5 Qb7 24. a4 a6 25. axb5 axb5 26. d5 Bxc3 27. dxc6 Qxc6 28. Qxc3 Rfd8 29.
Qe5 Qf3 30. Rxd8+ Rxd8 31. Bg2 Rd1+ 32. Rxd1 Qxd1+ 33. Kh2 Qd2 34. Qf4 Qxf4 35. gxf4
Kf8 36. Bf1 e5 37. Bxb5 exf4 38. Ba6 Ke7 39. Bb7 Kd8  1-0

[Event "Sampa Chess Open - Local Piso Superior (ao lado da Renner) às 19h00"]
[Site "Shopping Metrô Tatuapé - Rua Domingos Agostim, 91, São Paulo/SP 03306-010"]
[Date "2024.01.29"]
[Round "1"]
[Board "22"]
[White "Hirota Da Silva, Nilton"]
[Black "Fernandes De Sousa, Julio Cesar"]
[Result "0-1"]
[WhiteElo "1827"]
[BlackElo "2162"]
[PlyCount "100"]
[EventDate "2024.01.29"]
[EventRounds "9"]
[EventCountry "BRA"]

1. d4 Nf6 2. Bg5 d5 3. e3 Nbd7 4. Nf3 e6 5. Nbd2 Be7 6. Bd3 O-O 7. O-O b6 8. Re1
Bb7 9. Rc1 Ne4 10. Bf4 f5 11. Bxe4 dxe4 12. Ne5 Nxe5 13. Bxe5 Bd6 14. Bxd6 cxd6 15.
f4 exf3 16. Nxf3 b5 17. Rf1 Rc8 18. Qd2 a5 19. c3 Bd5 20. a3 Rf6 21. Rf2 Qc7 22.
Re1 h6 23. Qd1 b4 24. axb4 axb4 25. cxb4 Qb7 26. Nd2 Rff8 27. g4 Qxb4 28. gxf5 Rxf5
29. Rxf5 exf5 30. Nf1 Qxb2 31. Re2 Qc3 32. Qe1 Qa3 33. Qg3 Rc1 34. Rf2 Be4 35. h4
Qb3 36. h5 Qf7 37. Qh4 Qc7 38. Qf4 Rc2 39. Rxc2 Qxc2 40. Qf2 Qd1 41. Qh2 Bd3 42.
Qf2 Qxh5 43. Ng3 Qg4 44. Kh2 Qh4+ 45. Kg2 Kh7 46. Qf4 Qxf4 47. exf4 g5 48. fxg5 hxg5
49. Nh5 Kg6 50. Ng3 f4  0-1

[Event "Sampa Chess Open - Local Piso Superior (ao lado da Renner) às 19h00"]
[Site "Shopping Metrô Tatuapé - Rua Domingos Agostim, 91, São Paulo/SP 03306-010"]
[Date "2024.01.29"]
[Round "1"]
[Board "23"]
[White "Awoki, Daniel Teidi"]
[Black "Rigonati, Eduardo Enrico Santana"]
[Result "1-0"]
[WhiteElo "2152"]
[BlackElo "1827"]
[PlyCount "0"]
[EventDate "2024.01.29"]
[EventRounds "9"]
[EventCountry "BRA"]

1. c4 Nf6 2. g3 e6 3. Bg2 d5 4. Nf3 Be7 5. O-O O-O 6. b3 a5 7. Bb2 c6 8. Qc2 Nbd7
9. d3 a4 10. e4 dxe4 11. dxe4 axb3 12. axb3 Rxa1 13. Bxa1 Qa5 14. Bc3 Qh5 15. e5
Ng4 16. Re1 Bc5 17. Re2 f6 18. exf6 Ndxf6 19. h3 Nxf2 20. Rxf2 Bxf2+ 21. Kxf2 Qf5
22. Qxf5 exf5 23. Nfd2 f4 24. g4 Bxg4 25. hxg4 Nxg4+ 26. Kf3 Nh2+ 27. Ke4 g5 28.
Nf3 Nxf3 29. Bxf3 Re8+ 30. Be5 Ra8 31. Kf5 h6 32. Nd2 Rf8+ 33. Kg6 Re8 34. Bf6 Re3
35. Bg4 h5 36. Bf5 g4 37. Ne4 Kf8 38. Nc5 g3 39. Ne6+ Ke8 40. Ng7+ Kf8 41. Ne6+ Ke8
42. Kg7 Kd7 43. Nxf4+ Kd6 44. Bd4 Rxb3 45. c5+ Kc7 46. Be5+ Kd8 47. Ne6+ Ke8 48.
Bf6 Kd7 49. Nd4+ Kc7 50. Be5+  1-0

[Event "Sampa Chess Open - Local Piso Superior (ao lado da Renner) às 19h00"]
[Site "Shopping Metrô Tatuapé - Rua Domingos Agostim, 91, São Paulo/SP 03306-010"]
[Date "2024.01.29"]
[Round "1"]
[Board "24"]
[White "Branquinho, Eduardo De Medeiros"]
[Black "Saito, Vinicius"]
[Result "1-0"]
[WhiteElo "1815"]
[BlackElo "2147"]
[PlyCount "103"]
[EventDate "2024.01.29"]
[EventRounds "9"]
[EventCountry "BRA"]

1. e4 c5 2. Nf3 Nc6 3. d4 cxd4 4. Nxd4 Nf6 5. Nc3 e5 6. Ndb5 d6 7. Bg5 a6 8. Na3
b5 9. Nd5 Be7 10. Bxf6 Bxf6 11. c3 O-O 12. Nc2 Bg5 13. Be2 Rb8 14. O-O g6 15. Qd3
Bb7 16. Rad1 Re8 17. Nce3 Kg7 18. g3 Ne7 19. f4 exf4 20. gxf4 Nxd5 21. Nxd5 Bf6 22.
Bf3 a5 23. Rfe1 Bxd5 24. Qxd5 Qb6+ 25. Kg2 Rbd8 26. Be2 b4 27. Bc4 Qa7 28. cxb4 axb4
29. Re2 Rc8 30. b3 Red8 31. Qd3 Rc5 32. Qe3 Qe7 33. Rd3 Ra5 34. Qb6 Rda8 35. Qxb4
Rxa2 36. Rdd2 Rxd2 37. Qxd2 g5 38. Qd5 Rd8 39. fxg5 Bxg5 40. Rf2 f6 41. Ra2 Rd7 42.
Ra8 Rd8 43. Rxd8 Qxd8 44. Qf7+ Kh8 45. Kg3 d5 46. Qxd5 Qc7+ 47. Kg2 Kg7 48. Qe6 Qf4
49. Qf7+ Kh6 50. Qf8+ Kh5 51. Be2+ Kh4 52. Qe8  1-0